Tvorba produktov s využitím nástrojov reverzného inžinierstva

Salvato in:
Dettagli Bibliografici
Autore principale: Kováčik, Norbert, 1986- (Autore)
Altri autori: Králik, Marián, 1953- (xxx)
Natura: Libro
Lingua:slovacco
Pubblicazione: Bratislava : STU v Bratislave, 2013
Edizione:1. vyd.
Soggetti:
Tags: Aggiungi Tag
Nessun Tag, puoi essere il primo ad aggiungerne!!

MARC

LEADER 00000nam a22000003a 4500
001 stu275211
005 20150617230235.2
008 130930s--------xo------------------slo-d
040 |a STU  |b slo 
041 0 |a slo 
044 |a xo 
100 1 |a Kováčik, Norbert,  |d 1986-  |4 aut  |u J0070  |U SjF Strojnícka fakulta  |T SjF Ústav výrobných systémov, enviromentálnej techniky a manažment kvality  |X 40861  |U J0070  |Y 804  |7 A000040861 
245 1 |a Tvorba produktov s využitím nástrojov reverzného inžinierstva 
250 |a 1. vyd. 
260 |a Bratislava :  |b STU v Bratislave,  |c 2013 
300 |a 145 s 
650 7 |a strojárske materiály  |2 stusub 
700 1 |a Králik, Marián,  |d 1953-  |4 xxx  |u J0070  |U SjF Strojnícka fakulta  |T SjF Ústav výrobných systémov, enviromentálnej techniky a manažment kvality  |X 2483  |U J0070  |Y 804  |7 A000002483 
996 |b 284J041500  |c J*116272  |l JJST  |s P  |a 0  |w stu275211_0001